LEADER 01754nam 2200505 450 001 996339108003316 005 20230705142233.0 010 $a1-283-11513-1 010 $a9786613115133 010 $a1-905832-93-1 035 $a(MiAaPQ)EBC744447 035 $a(MiAaPQ)EBC4961478 035 $a(Au-PeEL)EBL4961478 035 $a(CaONFJC)MIL311513 035 $a(OCoLC)754709985 035 $a(PPN)267640889 035 $a(EXLCZ)992670000000107623 100 $a20140904h20112011 uy 0 101 0 $aeng 135 $aurcnu|||||||| 181 $2rdacontent 182 $2rdamedia 183 $2rdacarrier 200 10$aFast Facts : Rheumatoid Arthritis /$fJohn D. Isaacs and Larry W. Moreland 205 $aSecond edition 210 1$aAbingdon, Oxford :$cHealth Press Limited,$d2011. 210 4$dİ2011 215 $a1 online resource (118 pages) 225 1 $aFast Facts 311 $a1-905832-91-5 320 $aIncludes bibliographical references and index. 327 $aCover -- Introduction -- Chapter 1: The normal joint -- Chapter 2: Etiology -- Chapter 3: Pathogenesis -- Chapter 4: Epidemiology -- Chapter 5: Clinical features -- Chapter 6: Investigation -- Chapter 7: Assessment -- Chapter 8: Management - traditional measures -- Chapter 9: Management - biological therapies -- Chapter 10: Therapeutic developments -- Useful addresses -- Index. 410 0$aFast facts. 606 $aRheumatoid arthritis 615 0$aRheumatoid arthritis. 676 $a616.7227 700 $aIsaacs$b John$01016325 702 $aMoreland$b Larry 801 0$bMiAaPQ 801 1$bMiAaPQ 801 2$bMiAaPQ 906 $aBOOK 912 $a996339108003316 996 $aFast facts$92377473 997 $aUNISA LEADER 02846nam 2200565 450 001 9910797924703321 005 20180725223321.0 010 $a1-61044-853-7 035 $a(CKB)3710000000573576 035 $a(EBL)4312895 035 $a(MiAaPQ)EBC4312895 035 $a(PPN)191871168 035 $a(EXLCZ)993710000000573576 100 $a20160118h20152015 uy 0 101 0 $aeng 135 $aur|n|---||||| 181 $2rdacontent 182 $2rdamedia 183 $2rdacarrier 200 00$aFear, anxiety, and national identity $eimmigration and belonging in North America and Western Europe /$fNancy Foner, Patrick Simon, editors 210 1$aNew York, New York :$cRussell Sage Foundation,$d2015. 210 4$dİ2015 215 $a1 online resource (189 p.) 300 $aDescription based upon print version of record. 320 $aIncludes bibliographical references at the end of each chapters and index. 327 $aCover Page; Title Page; Copyright Page; Contents; List of Figures and Tables; Contributors; Acknowledgments; Introduction - Fear, Anxiety, and National Identity: Immigration and Belonging in North America and Western Europe; Part I - North America; Chapter 1 - The Contradictory Character of American Nationality: A Historical Perspective; Chapter 2 - Reimagining the Nation in a World of Migration: Legitimacy, Political Claims-Making, and Membership in Comparative Perspective 327 $aChapter 3 - Does Becoming American Create a Better American? How Identity Attachments and Perceptions of Discrimination Affect Trust and ObligationChapter 4 - The War on Crime and the War on Immigrants: Racial and Legal Exclusion in the Twenty-First-Century United States; Part II - Western Europe; Chapter 5 - Feeling Dutch: The Culturalization and Emotionalization of Citizenship and Second-Generation Belonging in the Netherlands; Chapter 6 - Nationhood and Muslims in Britain 327 $aChapter 7 - Constituting National Identity Through Transnationality: Categorizations of Inequalities in German Integration DebatesIndex 606 $aImmigrants$zNorth America 606 $aImmigrants$zEurope 606 $aCultural pluralism$zNorth America 606 $aCultural pluralism$zEurope 606 $aNational characteristics 607 $aNorth America$xEmigration and immigration 607 $aEurope$xEmigration and immigration 615 0$aImmigrants 615 0$aImmigrants 615 0$aCultural pluralism 615 0$aCultural pluralism 615 0$aNational characteristics. 676 $a304.8/4 702 $aFoner$b Nancy$f1945- 702 $aSimon$b Patrick 801 0$bMiAaPQ 801 1$bMiAaPQ 801 2$bMiAaPQ 906 $aBOOK 912 $a9910797924703321 996 $aFear, anxiety, and national identity$93672257 997 $aUNINA LEADER 03245oam 2200817I 450 001 9910784325103321 005 20230421043904.0 010 $a1-135-77799-3 010 $a1-135-77800-0 010 $a1-280-14037-2 010 $a0-203-98836-1 024 7 $a10.4324/9780203988367 035 $a(CKB)1000000000351373 035 $a(EBL)235218 035 $a(OCoLC)226376615 035 $a(SSID)ssj0000165415 035 $a(PQKBManifestationID)11153147 035 $a(PQKBTitleCode)TC0000165415 035 $a(PQKBWorkID)10142705 035 $a(PQKB)10020824 035 $a(MiAaPQ)EBC235218 035 $a(EXLCZ)991000000000351373 100 $a20180331d1996 uy 0 101 0 $aeng 135 $aur|n|---||||| 181 $ctxt 182 $cc 183 $acr 200 04$aThe Great powers and the end of the Ottoman Empire /$fedited by Marian Kent 205 $aSecond edition. 210 1$aLondon ;$aPortland, Or. :$cFrank Cass,$d1996. 215 $a1 online resource (250 p.) 300 $aDescription based upon print version of record. 311 $a1-138-14605-6 311 $a0-7146-4154-5 320 $aIncludes bibliographical references (pages [206]-216) and index. 327 $aBook Cover; Half-Title; Title; Copyright; Contents; Preface to the Second Edition; Preface; Introduction; 1 The Late Ottoman Empire; 2 The Habsburg Monarchy and the Ottoman Empire, 1900-18; 3 Italy and the End of the Ottoman Empire; 4 Russia and the End of the Ottoman Empire; 5 Germany and the End of the Ottoman Empire; 6 France and the End of the Ottoman Empire; 7 Great Britain and the End of the Ottoman Empire 1900-23; Bibliography; Index 330 $aHow far was the end of the Ottoman Empire the result of Great Power imperialism and how far the result of structural weaknesses within the Empire itself? These studies of the foreign policy of each of the Great Powers and the Ottoman Empire examine these fundamental issues. 606 $aEastern question (Balkan) 606 $aEastern question (Balkan) 606 $aEurope - Foreign relations - Turkey 606 $aGreat powers 606 $aGreat powers 606 $aTurkey - Foreign relations - Europe 606 $aEastern question (Balkan) 606 $aGreat powers 606 $aHistory & Archaeology$2HILCC 606 $aHistory - General$2HILCC 607 $aEurope$xForeign relations$zTurkey 607 $aTurkey$xForeign relations$zEurope 607 $aEurope$xForeign relations$y1871-1918 607 $aEurope$xForeign relations$y1918-1945 615 4$aEastern question (Balkan). 615 4$aEastern question (Balkan). 615 4$aEurope - Foreign relations - Turkey. 615 4$aGreat powers. 615 4$aGreat powers. 615 4$aTurkey - Foreign relations - Europe. 615 0$aEastern question (Balkan) 615 0$aGreat powers 615 7$aHistory & Archaeology 615 7$aHistory - General 676 $a327.5604 701 $aKent$b Marian$0539741 801 0$bAU-PeEL 801 1$bAU-PeEL 801 2$bAU-PeEL 906 $aBOOK 912 $a9910784325103321 996 $aGreat powers and the end of the Ottoman Empire$9858224 997 $aUNINA